000
00296nam a22001337a 4500
008
180315b xxu||||| |||| 00| 0 eng d
020
_a
9780312412678
041
_a
eng
080
_2
3rd
_a
78
100
_a
45
101
_a
MUZ
245
_a
Film an introduction
_c
Phillips,W.H
942
_2
udc
_c
BK
999
_c
45082
_d
45082